Index of human ecology /

Saved in:
Bibliographic Details
Main Author: Jones, J. O.
Other Authors: Jones, E. A. (joint author.)
Format: Book
Language:English
Published: London : Europa, 1974.
Subjects:
LEADER 00906nam a2200253 i 4500
001 c000140113
003 CARM
005 00000000000000.0
008 750115s1974 enk i 00010 eng
015 |a GB74-22991 
019 1 |a 21763737  |z 529113  |5 LACONCORD2021 
020 |a 0900362669 :  |c L.4.50 
035 |a (OCoLC)1067774  |5 LACONCORD2021 
050 0 0 |a Z5861  |b .J65 
082 0 0 |a 016.30131 
100 1 |a Jones, J. O. 
245 1 0 |a Index of human ecology /  |c [by] J. Owen Jones and Elizabeth A. Jones. 
260 |a London :  |b Europa,  |c 1974. 
300 |a ix, 169 p. ;  |c 25 cm. 
650 0 |a Human ecology  |x Periodicals  |x Indexes. 
700 1 |a Jones, E. A.  |e joint author. 
852 8 |b CARM  |h A2:AB31F0  |i C02391  |p 0092655  |f BK 
999 f f |i 9e82e6e2-8430-5efb-824c-deb11ca8d32f  |s 594510b8-a281-56e1-9d0a-9fd7136d9ef1 
952 f f |p Can circulate  |a CAVAL  |b CAVAL  |c CAVAL  |d CARM 1 Store  |e C02391  |f A2:AB31F0  |h Other scheme  |i book  |m 0092655